| 000 | 00919nam a22002655a 4500 | ||
|---|---|---|---|
| 005 | 20160530103254.0 | ||
| 008 | 150621t2010 ii a frbd 001 0 eng d | ||
| 020 | _a8126551046 | ||
| 020 | _a9788126551040 | ||
| 040 |
_aEG-ScBUE _beng _cEG-ScBUE _dEG-ScBUE |
||
| 082 | 0 | 4 |
_222 _a005.758 _bRAH |
| 100 | 1 |
_aRahimi, Saeed. _938300 |
|
| 245 | 1 | 0 |
_aDistributed database management systems : _ba practical approach / _cSaeed K. Rahimi, Frank S. Haug. |
| 260 |
_aNew Delhi : _bWiley India Private Limited, _cc.2010. |
||
| 300 |
_axxxiv, 728 p. : _bill. ; _c24 cm. |
||
| 500 | _aGlossary : p. 708-709. | ||
| 500 | _aIndex : p. 711-728. | ||
| 504 | _aIncludes bibliographical references. | ||
| 650 | 7 |
_2BUEsh _aDatabase management. _911309 |
|
| 650 | 0 |
_aDistributed databases. _918325 _2BUEsh |
|
| 651 | _2BUEsh | ||
| 653 |
_bCOMSCI _cJune2015 _cAugust2015 _cMay2015 |
||
| 700 | 1 | _aHaug, Frank S. | |
| 942 |
_2ddc _k005.758 RAH |
||
| 999 |
_c19784 _d19756 |
||